Joueurs brésiliens ayant joué au Paris Saint-Germain - Statistiques

Statistiques générales
  • Ce quiz a été pris 67 fois
  • Le résultat moyen est 13 sur 34
Statistiques - réponses
Année d'arrivée Année de départ Club précédant Club suivant Nombre de match Joueurs % Correct
2013 En cours AS Roma En cours 515 Marquinhos
97%
2017 2023 FC Barcelone Al-Hilal SFC 173 Neymar
97%
2012 2020 AC Milan Chelsea FC 315 Thiago Silva
91%
2014 2016 Chelsea FC Chelsea FC 89 David Luiz
85%
2013 2018 FC São Paulo Tottenham Hotspur 229 Lucas Moura
79%
2001 2003 Grêmio Porto Alegre FC Barcelone 77 Ronaldinho
77%
2024 En cours FC São Paulo En cours 75 Lucas Beraldo
76%
2012 2017 FC Barcelone Fin de carrière 214 Maxwell
74%
2017 2019 Juventus Turin FC São Paulo 73 Dani Alves
67%
2002 2003 CD Tenerife Corinthians São Paulo 23 André Luiz
62%
2010 2013 AS Monaco AL-Gharafa SC 112 Nenê
62%
1993 1998 FC São Paulo FC São Paulo 215 Raí
61%
2012 2014 Chelsea FC AC Milan 92 Alex
58%
2020 2024 FC Barcelone Al-Arabi SC 39 Rafinha
53%
2024 En cours Corinthians São Paulo En cours 0 Gabriel Moscardo
44%
2007 2012 SC Internacional Porto Alegre Cruzeiro Esporte Clube 197 Ceará
24%
1996 1997 Kashima Antlers AC Milan 46 Leonardo
23%
2008 2009 FC São Paulo Grêmio Porto Alegre 17 Souza
21%
2008 2012 Corinthians São Paulo Seongnam 3 Everton Santos
15%
1991 1995 SL Benfica SL Benfica 154 Valdo
14%
2001 2001 Inter Milan Clube Regatas Flamengo 8 Vampeta
12%
2002 2007 Fluminense FC Toulouse FC 67 Paulo César
9%
1999 2000 Portuguesa Stade Rennais FC 12 César
8%
1999 2001 SC Internacional Porto Alegre FC Girondins de Bordeaux 71 Christian
8%
1991 1995 SL Benfica SL Benfica 156 Ricardo Gomes
8%
1997 1998 FC Porto Sporting CP 18 Edmílson
5%
1979 1981 Clube de Regatas Vasco da Gama Cruzeiro Esporte Clube 46 Abel Braga
3%
1998 1999 Parma Calcio 1913 Hellas Verone 25 Adaílton
3%
2001 2002 AS Saint-Etienne AS Saint-Etienne 28 Alex Dias
3%
2001 2003 AS Saint-Etienne Rubin Kazan 78 Aloísio Chulapa
3%
1973 1974 Botafogo de Futebol e Regatas AS Cannes 9 Armando Monteiro
3%
1971 1972 Santos FC Londrina Esporte Clube 2 Joel Camargo
3%
2003 2005 Clube Regatas Flamengo Kashiwa Reysol 78 Reinaldo Oliveira
3%
1991 1992 FC Porto CF América 29 Geraldão
2%
Aucun quiz correspondant
Distribution des résultats
% des personnes avec chaque résultat
Percentile par nombre de réponses
Votre historique - résultats
Vous n’avez pas pris ce quiz